Jankyn's book of wikked wyves. (Record no. 89922)
[ view plain ]
| 000 -LEADER | |
|---|---|
| fixed length control field | 02019nam a2200421 i 4500 |
| 001 - CONTROL NUMBER | |
| control field | ebr10837667 |
| 003 - CONTROL NUMBER IDENTIFIER | |
| control field | CaPaEBR |
| 006 - FIXED-LENGTH DATA ELEMENTS--ADDITIONAL MATERIAL CHARACTERISTICS--GENERAL INFORMATION | |
| fixed length control field | m o d |
| 007 - PHYSICAL DESCRIPTION FIXED FIELD--GENERAL INFORMATION | |
| fixed length control field | cr cn||||||||| |
| 008 - FIXED-LENGTH DATA ELEMENTS--GENERAL INFORMATION | |
| fixed length control field | 140224t20142014gau ob 001 0 eng d |
| 020 ## - INTERNATIONAL STANDARD BOOK NUMBER | |
| Cancelled/invalid ISBN | 9780820346106 |
| International Standard Book Number | 9780820346403 (e-book) |
| 040 ## - CATALOGING SOURCE | |
| Original cataloging agency | CaPaEBR |
| Language of cataloging | eng |
| Description conventions | rda |
| -- | pn |
| Transcribing agency | CaPaEBR |
| 035 ## - SYSTEM CONTROL NUMBER | |
| System control number | (OCoLC)874178299 |
| 050 14 - LIBRARY OF CONGRESS CALL NUMBER | |
| Classification number | PR1868.W7 |
| Item number | .J365 2014eb |
| 082 04 - DEWEY DECIMAL CLASSIFICATION NUMBER | |
| Classification number | 821.1 |
| Edition number | 23 |
| 245 00 - TITLE STATEMENT | |
| Title | Jankyn's book of wikked wyves. |
| Number of part/section of a work | Volume 2, |
| Name of part/section of a work | Seven commentaries on Walter Map's "Dissuasio valerii" / |
| Statement of responsibility, etc | edited by Traugott Lawler [and four others]. |
| 264 #1 - PRODUCTION, PUBLICATION, DISTRIBUTION, MANUFACTURE, AND COPYRIGHT NOTICE | |
| Place of production, publication, distribution, manufacture | Athens, Georgia : |
| Name of producer, publisher, distributor, manufacturer | The University of Georgia Press, |
| Date of production, publication, distribution, manufacture, or copyright notice | 2014. |
| Date of production, publication, distribution, manufacture, or copyright notice | �2014 |
| 300 ## - PHYSICAL DESCRIPTION | |
| Extent | 1 online resource (618 pages). |
| 336 ## - CONTENT TYPE | |
| Content type term | text |
| Source | rdacontent |
| 337 ## - MEDIA TYPE | |
| Media type term | computer |
| Source | rdamedia |
| 338 ## - CARRIER TYPE | |
| Carrier type term | online resource |
| Source | rdacarrier |
| 440 #0 - SERIES STATEMENT/ADDED ENTRY--TITLE | |
| Title | Chaucer library |
| 504 ## - BIBLIOGRAPHY, ETC. NOTE | |
| Bibliography, etc | Includes bibliographical references and index. |
| 588 ## - SOURCE OF DESCRIPTION NOTE | |
| Source of description note | Description based on online resource; title from PDF title page (ebrary, viewed February 22, 2014). |
| 590 ## - LOCAL NOTE (RLIN) | |
| Local note | Electronic reproduction. Palo Alto, Calif. : ebrary, 2014. Available via World Wide Web. Access may be limited to ebrary affiliated libraries. |
| 600 10 - SUBJECT ADDED ENTRY--PERSONAL NAME | |
| Personal name | Chaucer, Geoffrey, |
| Dates associated with a name | -1400. |
| Title of a work | Wife of Bath's tale |
| Form subdivision | Sources. |
| Personal name | Chaucer, Geoffrey, |
| Dates associated with a name | -1400 |
| General subdivision | Characters |
| -- | Wife of Bath. |
| 650 #0 - SUBJECT ADDED ENTRY--TOPICAL TERM | |
| Topical term or geographic name as entry element | Satire, Latin (Medieval and modern) |
| Form subdivision | Translations into English. |
| Topical term or geographic name as entry element | Manuscripts, Latin (Medieval and modern) |
| Topical term or geographic name as entry element | Satire, Latin |
| Form subdivision | Translations into English. |
| 655 #0 - INDEX TERM--GENRE/FORM | |
| Genre/form data or focus term | Electronic books. |
| 700 1# - ADDED ENTRY--PERSONAL NAME | |
| Personal name | Lawler, Traugott. |
| 776 08 - ADDITIONAL PHYSICAL FORM ENTRY | |
| Display text | Print version: |
| Title | Jankyn's book of wikked wyves. Volume 2, Seven commentaries on Walter Map's "Dissuasio valerii". |
| Place, publisher, and date of publication | Athens, Georgia : The University of Georgia Press, c2014 |
| Physical description | x, 605 pages |
| Series data for related item | Chaucer library. |
| International Standard Book Number | 9780820346106 |
| 797 2# - LOCAL ADDED ENTRY--CORPORATE NAME (RLIN) | |
| Corporate name or jurisdiction name as entry element | ebrary. |
| 856 40 - ELECTRONIC LOCATION AND ACCESS | |
| Uniform Resource Identifier | <a href="http://site.ebrary.com/lib/rucke/Doc?id=10837667">http://site.ebrary.com/lib/rucke/Doc?id=10837667</a> |
| Public note | An electronic book accessible through the World Wide Web; click to view |
No items available.
